Noël par lettre - D - Statistiques

Statistiques générales
  • Ce quiz a été pris 537 fois
  • Le résultat moyen est 5 sur 10
Statistiques - réponses
Indice Réponse % Correct
Mois de Noël Décembre
100%
On célèbre la naissance de sonincarnation terrestre le 25 décembre Dieu
90%
Elle est généralement servieavec des marrons Dinde
85%
Elfe de maison à qui Ron et Harryoffrent des chaussettes pour Noël Dobby
69%
Elles ornent les sapins ou même les façades des maisons Décorations
62%
Ils sont 13 dans la tradition provençale,du calisson au nougat blanc Desserts
50%
Renne de Santa ou profession de Patrick Dupond Danseur
32%
"Dans les cieux, l'astre luit." sont les paroles qui y suivent le titre Douce nuit, sainte nuit
31%
Interprète de La Fille du Père Noël Jacques Dutronc
20%
Auteur d'Un chant de Noël Charles Dickens
10%
Aucun quiz correspondant
Distribution des résultats
% des personnes avec chaque résultat
Percentile par nombre de réponses
Votre historique - résultats
Vous n’avez pas pris ce quiz